Economic development with special reference to East Asia : Proceedings of a conference held by the International Economic Association
Guardat en:
| Autor principal: | |
|---|---|
| Format: | Llibre |
| Idioma: | Undetermined |
| Publicat: |
New York
St. Martin's Press
1964
|
| Matèries: | |
| Etiquetes: |
Afegir etiqueta
Sense etiquetes, Sigues el primer a etiquetar aquest registre!
|
| Thư viện lưu trữ: | Trung tâm Học liệu Trường Đại học Cần Thơ |
|---|
| LEADER | 00603nam a2200193Ia 4500 | ||
|---|---|---|---|
| 001 | CTU_89841 | ||
| 008 | 210402s9999 xx 000 0 und d | ||
| 082 | |a 338.095 | ||
| 082 | |b B533 | ||
| 100 | |a Berrill, Kenneth | ||
| 245 | 0 | |a Economic development with special reference to East Asia : | |
| 245 | 0 | |b Proceedings of a conference held by the International Economic Association | |
| 245 | 0 | |c Kenneth Berrill | |
| 260 | |a New York | ||
| 260 | |b St. Martin's Press | ||
| 260 | |c 1964 | ||
| 650 | |a Economic development | ||
| 904 | |i Bằng | ||
| 980 | |a Trung tâm Học liệu Trường Đại học Cần Thơ | ||